| 000 -LEADER |
| fixed length control field |
01343nam a2200253Ia 4500 |
| 001 - CONTROL NUMBER |
| control field |
22540 |
| 003 - CONTROL NUMBER IDENTIFIER |
| control field |
GE_BSU |
| 005 - DATE AND TIME OF LATEST TRANSACTION |
| control field |
20210406141836.0 |
| 008 - FIXED-LENGTH DATA ELEMENTS--GENERAL INFORMATION |
| fixed length control field |
181216s2016||||ge |||||||||||||| ||rus|| |
| 040 ## - CATALOGING SOURCE |
| Transcribing agency |
GE_BSU |
| 041 ## - LANGUAGE CODE |
| Language code of text/sound track or separate title |
rus |
| 080 ## - UNIVERSAL DECIMAL CLASSIFICATION NUMBER |
| Universal Decimal Classification number |
82 Ш-37 |
| 100 ## - MAIN ENTRY--PERSONAL NAME |
| Personal name |
Шевалье, Роза |
| 9 (RLIN) |
11113 |
| 245 ## - TITLE STATEMENT |
| Title |
Метафизическое восприятие языковой картины мира посредством идиом английского, русского, грузинского и французского языков / |
| Statement of responsibility, etc. |
Роза Шевалье; Научн. руков. И. Гошхетелиани; Батумский гос. ун-т им. Шота Руставели. Департамент Европеистики. |
| 264 ## - PRODUCTION, PUBLICATION, DISTRIBUTION, MANUFACTURE, AND COPYRIGHT NOTICE |
| Place of production, publication, distribution, manufacture |
Батуми, |
| Date of production, publication, distribution, manufacture, or copyright notice |
2016. |
| 300 ## - PHYSICAL DESCRIPTION |
| Extent |
140 стр. |
| Other physical details |
30 см. |
| 521 ## - TARGET AUDIENCE NOTE |
| Target audience note |
Библ. стр.:130-140 |
| 653 ## - INDEX TERM--UNCONTROLLED |
| keyword |
Диссертация |
| 653 ## - INDEX TERM--UNCONTROLLED |
| keyword |
Метафизическое восприятие языковой картины мира посредством идиом английского, русского, грузинского и французского языков |
| 653 ## - INDEX TERM--UNCONTROLLED |
| keyword |
Языкознание |
| 653 ## - INDEX TERM--UNCONTROLLED |
| keyword |
დისერტაცია |
| 700 ## - ADDED ENTRY--PERSONAL NAME |
| Personal name |
Гошхетелиани, И. |
| Relator term |
Научн. руководитель |
| 9 (RLIN) |
10442 |
| 942 ## - ADDED ENTRY ELEMENTS (KOHA) |
| Koha item type |
წიგნი |
| Source of classification or shelving scheme |
|